LEADER 01165nam a2200265 i 4500 001 000000348620 003 CaOOAMICUS 005 20211124104538.0 008 211124s2021 fr u000 u fre u 020 $a978-2-204-14186-4 040 $aSeMil$bita 100 0 $aEvagrius : Ponticus,$d<356?-399>.$0(OLS)http://semarc/name/4811 245 10$a1: Psaumes 1-70 /$cÉvagre le Pontique. 264 1$aParis :$bLes Éditions du Cerf,$c2021. 300 $a780 p. ;$c20 cm. 490 1 $aSources chrétiennes ;$v614 773 0 $aEvagrius : Ponticus <356?-399>$tScholies aux Psaumes.$dParis : Les Éditions du Cerf, 2021.$kSources chrétiennes$g1$w()348617 830 0$aSources chrétiennes ;$v614.$0(OLS)http://semarc/title/72 850 $aSeMil 852 $aSeMil$W1$xVenegono$y1$mSL1.U III 614$j230209$B239726$CSeMilBibl$Z2$F239726 $8I 961 $aRilegatura [Cooperativa Legatoria "Il Borgo", doc. 14/03/2023] 996 $6020$a978-2-204-14186-4$9(OLS)http://semarc/number/294661 996 $6245$a1: Psaumes 1-70$9(OLS)http://semarc/title/438049 996 $6264$aParis :$bLes Éditions du Cerf$9(OLS)http://semarc/publisher/29611 LEADER 01019nam a2200229 i 4500 001 000000200246 003 CaOOAMICUS 005 20110406000000.0 008 110406s1983 it u000 u ita u 013 $a178944 040 $aSeMil$bita 100 1 $aColombo, Giovanni,$c.$0(OLS)http://semarc/name/1549 245 10$aSocietà e Chiesa di fronte agli anziani /$cGiovanni Colombo. 260 $aMilano :$bCentro Ambrosiano di Documentazione e Studi Religiosi,$cstampa 1983. 300 $a28 p. ;$c19 cm. 650 4$aAnziani - Società.$0(OLS)http://semarc/subject/37595 650 4$aAnziani - Chiesa.$0(OLS)http://semarc/subject/37596 850 $aSeMil 852 $aSeMil$W1$xVenegono$y1$m5A XII 2/45$j150775$B150775$CSeMilBibl$Z2$F162084 $81 961 $aOmaggio: Altro 996 $6245$aSocietà e Chiesa di fronte agli anziani$9(OLS)http://semarc/title/289559 996 $6260$aMilano :$bCentro Ambrosiano di Documentazione e Studi Religiosi$9(OLS)http://semarc/publisher/30378